| 000 | 00623cam a22002051 4500 | ||
|---|---|---|---|
| 003 | OSt | ||
| 005 | 20171014115953.0 | ||
| 008 | 940107t19561955enk 000 0 eng | ||
| 010 | _a 58040208 | ||
| 040 |
_aLDCLIB _cLDCLIB |
||
| 082 | 0 |
_a341.026 _222 _bORF |
|
| 100 | 1 |
_aOrfield, Lester B. _9263 |
|
| 245 | 1 | 0 |
_aCases and Materials on International Law / _cby Lester B. Orfield and Edward D. Re. |
| 260 |
_aLondon : _bStevens, _cc1955. |
||
| 300 |
_a781 p.; _c26 cm. |
||
| 440 | 0 |
_aLibrary of world affairs ; _vno. 31 _9264 |
|
| 650 | 0 |
_aInternational law _xCases. _9265 |
|
| 700 | 1 |
_aRe, Edward D. _d1920- _9266 |
|
| 942 |
_2ddc _cBK |
||
| 999 |
_c99 _d99 |
||